000 02092nam0a2200361 i 4500
001 RU\NLR\BIBL_A\011401382
005 20241105194655.0
010 _a9785890358738
_bВ пер.
_9200
035 _a(NLR Aleph) 011401382
090 _a11509911
_c11509911
100 _a20170607d2016 u y0rusy50 ca
101 0 _arus
102 _aRU
105 _aa z 010zy
200 1 _aЦентр профессионального просвещения на службе транспортного комплекса (период 1945-1991 гг.)
_f[С.М. Сербин, А.А. Сербин]
_gпод редакцией О.В. Старых
210 _aМосква
_cУчебно-методический центр по образованию на железнодорожном транспорте
_d2016
215 _a113, [3] с.
_cил., портр.
_d24
300 _aАвт. указаны на обороте тит. л.
300 _a70-летию Учебно-методического центра по образованию на железнодорожном транспорте посвящается
320 _aБиблиогр.: с. 107-114
601 0 2 _aУчебно-методический центр по образованию на железнодорожном транспорте
_cМосква, город
_92329437
_3RU\NLR\AUTH\6601617379
686 _a39.2р(2)
_vLBC/A
_2rubbk
686 1 _aЧ458.759.84(2)7
700 1 _7ca
_8rus
_aСербин
_bС. М.
_f1937-
_gСтанислав Михайлович
_9171445
_3RU\NLR\AUTH\770171495
701 1 _aСербин
_bА. А.
_f1991-
_gАртем Александрович
702 1 _aСтарых
_bО. В.
_gОльга Владимировна
_4340
712 0 2 _4570
_aУчебно-методический центр по образованию на железнодорожном транспорте
_cМосква
_9559547
_3RU\NLR\AUTH\880447981
801 0 _aRU
_bГПИБ России
_c20161228
_grcr
942 _cBOOK
980 _aNBR